Arabic Vocab - Most Frequent 801-900 - Random - Statistics

General Stats
  • This quiz has been taken 123 times
  • The average score is 8 of 25
Answer Stats
Hint Answer % Correct
مَسجِد mosque
100%
مَريض patient/sick/ill
100%
القُرآن Quran
100%
جُمهورية republic
100%
هَلا welcome/hello
100%
ثَمانية eight
83%
عائلة family
83%
ضَوء light/lamp
80%
نَبيّ prophet
80%
مُعَلَّم teacher
80%
مَتى when
80%
فَنّ art
75%
جَبَل mountain
75%
نَقَل transfer/transport/transmit
75%
قادَر capable/able
67%
كُلّيّة college
67%
خَوف fear
67%
بَسيط simple/plain/naive/easy
67%
قَناة canal/channel
60%
فِرقة group/team/band
60%
أُردُنّيّ Jordanian
60%
مُهِمّة task/assignment/mission
60%
سَريع quick/fast/prompt
57%
إِصابة affliction/illness/injury
50%
كَ as/like
50%
كأس cup/prize
50%
إمارة Emirate
50%
نَووي nuclear/atomic
50%
لَعب playing/game/sport
50%
رئاسة presidency/leadership/direction
50%
إِنتاج production/output
50%
حُزن sadness/grief/sorrow/anguish
50%
أُغنية song/melody
50%
زَيّ like/as/similar to
40%
سار move/march/go
40%
مُشتَرَك shared/common/joint/collective
40%
نَفس soul/spirit/psychology
40%
بَطَل hero/champion/star
38%
طِبَّيّ medical
38%
حَوالي approximately/around/about
33%
تِجاريّ commercial/business
33%
ثِقة confidence/trust
33%
عَدّ count
33%
اِتَّجاه direction/course/trend/movement
33%
ماليَّة finance
33%
حُكومي governmental/state/official
33%
سَجَّل register/record/score
33%
سَلامة security/safety/integrity
33%
مُناسِب suitable/appropriate
33%
حَضَر come/show up/attend
29%
عالِم scientist/scholar
29%
اِستِمرار continuation/continuity
25%
تَربية education/pedagogy
25%
اِستِثمار investing/investment
25%
خَطأ mistake/error
25%
قَتل murder/killing
25%
حاكِم ruler/governor
25%
ده this
25%
مَطلوب wanted/needed/required/necessary
25%
تِجارة commerce/business
20%
شَكّ doubt
20%
رَئيسيّ main/chief/principle
20%
واسِع wide/extensive/widespread
20%
عَصر age/period/time
17%
تَصِريح declaration/statement
17%
تَحية greeting/salute
17%
أيُّها oh!
17%
صَمت silence
17%
تَوَقَّع expect/anticipate
14%
سَمّى to name/designate/call
14%
تَطَوَّر progress/development/growth
13%
سَعَى strive/pursue/chase
9%
ضَبط adjusting/regulating/seizure
0%
عَهد age/period/tenure
0%
إِعلام announcing/declaring/announcement
0%
قَرن century/age/horn
0%
تابَع continue/follow/monitor
0%
خُروج departure/leaving/getting out
0%
عاقية good health/vigor
0%
عَقَد hold/conclude/convene
0%
أقام install/establish/set up
0%
عارِف knowing/familiar
0%
أطلَق let go/let out/release
0%
مُعظم most
0%
حُصول obtaining/getting/acquiring
0%
دائرة office/bureau/district
0%
حَيّ quarter/district
0%
رَفع raising/lifting/increasing
0%
اِرتِفاع rise/increase/height
0%
ساحة scene/field/arena
0%
جَلسة session/meeting
0%
ظِلّ shade/patronage
0%
ناحية side/perspective/area/region
0%
مُعَيَّن specific/determined/fixed/set
0%
وَقف stopping/ceasing
0%
صِراح struggle/conflict/fight
0%
بَدَل substitute
0%
عانى suffer
0%
رُؤية vision/sight/view
0%
تَعامُل working/doing business
0%
No matching quizzes found
Score Distribution
Percent of People with Each Score
Percentile by Number Answered
Your Score History
You have not taken this quiz